Andorra /

সংরক্ষণ করুন:
গ্রন্থ-পঞ্জীর বিবরন
প্রধান লেখক: Cameron, Peter, (1959- )
অন্যান্য লেখক: Oneto, Giuseppina
বিন্যাস: গ্রন্থ
ভাষা:ইতালিয়
প্রকাশিত: Milano : Adelphi, 2014
মালা:Fabula ; 268
ট্যাগগুলো: ট্যাগ যুক্ত করুন
কোনো ট্যাগ নেই, প্রথমজন হিসাবে ট্যাগ করুন!

MARC

LEADER 00000nam a2200000 i 4500
001 IT\ICCU\ANA\0489746
003 ItRI
005 20260115232106.0
008 140131s2014 it |||||| ||||| |||||c
015 |2 IT  |a 2014-1890 
020 |a 9788845928611 
040 |b ita  |c importazione bologna sebina 
041 7 |a ita  |2 ISO-639-2 
082 |a 813.6  |9 NARRATIVA AMERICANA IN LINGUA INGLESE, 2000-  |2 23 
100 1 |a Cameron, Peter,  |d  (1959- )  |0 IT\ICCU\CFIV\073250 
240 1 0 |a Andorra  |3 IT\ICCU\RAV\1999735  |9 Cameron, Peter <1959- > 
245 1 0 |a Andorra /  |c Peter Cameron ; traduzione di Giuseppina Oneto. 
260 |a Milano :  |b Adelphi,  |c 2014 
300 |a 236 p. ;  |c 22 cm 
700 1 |a Oneto, Giuseppina  |0 IT\ICCU\CFIV\066257 
830 0 |a Fabula ;  |v 268  |0 IT\ICCU\CFI\0013960 
942 |2 ddc  |c BK  |n 0 
952 |0 0  |1 0  |4 0  |6 DOC_813_600000000000000_CAM  |7 0  |9 19923  |a BO  |b BO  |d 2026-01-15  |i 17594  |l 0  |o DOC 813.6 CAM  |p BO17594  |r 2026-01-15 23:21:06  |w 2026-01-15  |x [Sebina 5] [1 v.]  |y BK  |z 1 v. 
999 |c 16986  |d 16986